|
|
|
|
| LEADER |
02013pam a22004577a 4500 |
| 001 |
AALProQuestebook00011 |
| 003 |
BD-DhAAL |
| 006 |
m||||||||d|||||||| |
| 007 |
cr|||||||||||| |
| 008 |
211227s2021\\\\enk\\\\\o\\\\\000\0\eng\d |
| 010 |
|
|
|a 2017051270
|
| 020 |
|
|
|a 0134519361
|
| 020 |
|
|
|a 9781292337807
|
| 020 |
|
|
|a 9781292337852 (e-book)
|
| 035 |
|
|
|a (MiAaPQ)EBC6118338
|
| 035 |
|
|
|a (Au-PeEL)EBL6118338
|
| 035 |
|
|
|a (OCoLC)1183963343
|
| 040 |
|
|
|a MiAaPQ
|b eng
|e rda$epn
|c MiAaPQ
|d MiAaPQ
|d BD-DhAAL
|
| 042 |
|
|
|a pcc
|
| 050 |
0 |
0 |
|a LB1028
|b .C742 2019
|
| 082 |
0 |
0 |
|a 370.72
|2 23
|
| 100 |
1 |
|
|a Creswell, John W.,
|e author.
|9 43673
|
| 245 |
1 |
0 |
|a Educational research
|h [electronic resource] :
|b planning, conducting, and evaluating quantitative and qualitative research /
|c John W. Creswell, University of Michigan, Timothy C. Guetterman, University of Michigan.
|
| 250 |
|
|
|a Sixth edition.
|
| 260 |
|
|
|a Harlow, England :
|b Pearson Education Limited,
|c c2021.
|
| 263 |
|
|
|a 1711
|
| 300 |
|
|
|a 1 online resource (710 pages)
|
| 500 |
|
|
|a <strong>Off-Campus Access:</strong> Athens ID and Password Required
|
| 500 |
|
|
|a <strong>On-Campus Access:</strong> No User ID or Password Required
|
| 500 |
|
|
|a Access type: Perpetual access for unlimited users
|
| 526 |
|
|
|a ENH
|x Asifa Sultana,
Associate Professor
|
| 538 |
|
|
|a Mode of access: Internet
|
| 541 |
|
|
|a ProQuest
|h USD 874.34
|
| 650 |
|
0 |
|a Education
|x Research
|x Methodology.
|9 43674
|
| 655 |
|
|
|a Electronic books.
|
| 710 |
|
|
|a ProQuest (Firm).
|9 43850
|
| 852 |
|
|
|a Ayesha Abed Library
|
| 856 |
|
|
|z Full text available on ProQuest
|u https://ebookcentral.proquest.com/lib/bracu/detail.action?docID=6118338
|
| 942 |
|
|
|2 ddc
|c EBK
|
| 999 |
|
|
|c 43379
|d 43379
|
| 952 |
|
|
|0 0
|1 0
|2 ddc
|4 0
|6 370_720000000000000_CRE
|7 0
|9 69627
|a BRACUL
|b BRACUL
|d 2021-12-27
|e ProQuest
|g 74979.04
|l 0
|o 370.72 CRE
|r 2021-12-27
|t 1
|w 2021-12-27
|y EBK
|x As discussed with Acquisition team, according to invoice date (20.12.2021) of the ebook, converted USD 874.34 to BDT 74,979.04.
|